| 000 | 00336nam a2200109Ia 4500 | ||
|---|---|---|---|
| 008 | 171211s9999 xx 000 0 und d | ||
| 245 | _aBirds of the West Indies (Princeton Field Guides) | ||
| 245 | _cHerbert A. Raffaele and James Wiley | ||
| 260 | _c2003 | ||
| 650 | _xANIMALS | ||
| 856 | _uhttp://down.ebook777.com/056/9780691113197.pdf | ||
| 999 |
_c348426 _d348426 |
||